00483nam a2200145Ia 4500008004100000041000800041082001200049100002000061245002700081260005000108300003300158365001100191999001700202952011800219240624s9999 xx 000 0 und d aeng a658 SHA aSHARDLOW JANICE aBUSINESS ORGANIZATIONS c1996aBirminghambCLT Professional Publishing axviii, : 130 : p. : cm. ; 29 cRSb30 c16286d16286 00104070aIMTNbIMTNcRack 21-Bd2011-01-05eBBg995.00o658 SHAp16286r2024-06-24 00:00:00t1w2024-06-24yBK